03819nam a2200361 a 4500001001200000003000800012006001900020007001500039008004100054010001700095020002200112020002500134040002100159035002100180050002300201082001800224245029400242260005800536300005600594504004100650505109500691505111901786533015202905650005103057650002703108650004803135655002903183700002203212710006303234710001703297856012603314999001703440ebr10225193CaPaEBRm u cr cn|||||||||080623s2008 dcuab sb 100 0 eng d z 2008274445 z0309108977 (pbk.) z9780309108973 (pbk.) aCaPaEBRcCaPaEBR a(OCoLC)56847922714aRA643b.V43 2008eb04a362.196/922200aVector-borne diseasesh[electronic resource] :bunderstanding the environmental, human health, and ecological connections : workshop summary /crapporteurs, Stanley M. Lemon ... [et al.] ; Forum on Microbial Threats, Board on Global Health, Institute of Medicine of the National Academies. aWashington, D.C. :bNational Academies Press,cc2008. axxii, 327 p. :bill. (some col.), maps (some col.). aIncludes bibliographical references.0 aSummary and assessment -- Vector-borne disease emergence and resurgence. Overview -- The global threat of emergent/reemergent vector-borne diseases / Duane J. Gubler -- Why we do not understand the ecological connections between the environment and human health: the case for vector-borne disease / Durland Fish -- Ecology of emerging vector-borne plant diseases / Rodrigo P.P. Almeida -- Ecology of dsiease: the intersection of human and animal health / Kenneth J. Linthicum ... [et al.] -- Climate change and health: global to local influences on disease risk / Jonathan A. Patz and Sarah H. Olson -- Climate change and vector-borne disease: update on climate effects on Lyme disease and West Nile Virus in North America / Jonathan A. Patz and Christopher K. Uejio -- Vector-borne disease detection and control. Overview -- Longitudinal field studies will guide a paradigm shift in dengue prevention / Thomas W. Scott and Amy C. Morrison -- Innovative decision support and vector control approaches to control denge / Lars Eisen and Barry J. Beaty -- West Nile virus / Lyle R. Petersen --0 aRift Valley fever is an emerging arthropod-borne virus / C.J. Peters -- The implications of entomological monitoring and evaluation for arthropod vector-borne disease control programs / Michael Coleman and Janet Hemingway -- Vector-borne zoonotic diseases and their ecological and economic implications: bluetongue disease in Europe / Bennie I. Osburn -- Environmental factors influence transmission of sin nombre hantavirus between rodents (and to humans?) / Charles H. Calisher ... [et al.] -- Integrating strategies to address vector-borne disease. Overview -- Needs and opportunities to control vector-borne diseases: responses to the IOM microbial threats to health committee recommendations / Barry J. Beaty and Lars Eisen -- Integration of strategies: surveillance, diagnosis, and response / Roger S. Nasci -- Surveillance, diagnosis, and response: integration of strategies / Sherrilyn Wainwright -- Confronting vector-borne diseases in an age of ecologic change / David M. Morens -- The vector biology program at the National Institute of Allergy and Infectious Diseases / Adriana Costero -- Appendixes. aElectronic reproduction.bPalo Alto, Calif. :cebrary,d2013.nAvailable via World Wide Web.nAccess may be limited to ebrary affiliated libraries. 0aCommunicable diseasesxPreventionvCongresses. 0aEpidemicsvCongresses. 0aAnimals as carriers of diseasevCongresses. 7aElectronic books.2local1 aLemon, Stanley M.2 aInstitute of Medicine (U.S.).bForum on Microbial Threats.2 aebrary, Inc.40uhttp://site.ebrary.com/lib/rucke/Doc?id=10225193zAn electronic book accessible through the World Wide Web; click to view c27308d27308